| 000 | 01037nam0a22002891 4500 | ||
|---|---|---|---|
| 001 | rc\349642 | ||
| 005 | 20030307122538.9 | ||
| 010 |
_a5-333-00305-X _94000 |
||
| 035 | _a(NLR Aleph) 005564271 | ||
| 090 |
_a5944271 _c5944271 |
||
| 100 | _a20030307d1989 u |0rusy50 ca | ||
| 101 | 0 | _arus | |
| 102 | _aRU | ||
| 105 | _aa ||||||||| | ||
| 200 | 1 |
_aРодник _eСтихи _fЛеонид Даен _g[Худож. Н.Н. Прожогина, В.В. Терещенко] |
|
| 210 |
_aКиев _cРад. пысьмэннык _d1989 |
||
| 215 |
_a181, [1] с., [1] л. портр. _cил. _d17 |
||
| 327 | 1 | _aСодерж.: Циклы: Возраст; Предчувствие; Лирический монолог | |
| 464 | 0 | _12001#$aВозраст | |
| 464 | 0 | _12001#$aПредчувствие | |
| 464 | 0 | _12001#$aЛирический монолог | |
| 700 | 1 |
_aДаен _bЛ. А. _f1929- _gЛеонид Абрамович |
|
| 801 | 0 |
_aRU _bNLR _gpsbo |
|
| 801 | 1 |
_aRU _bELAR _2rusmarc |
|
| 852 |
_aNLR _j89-2/519 |
||
| 942 | _cBOOK | ||
| 980 | _aNB | ||